000 01077nam a22003377a 4500
001 BR7307137
003 BR-BrBNA
005 20230928084128.0
007 ta
008 230509b bl.||||| |||| 00| 0 por d
040 _aBR-BrBNA
_bpor
_cBiblioteca Nacional de Agricultura
041 _a(Eng)
072 _aF50; K50
_b3000
_b8901
_b/G514
090 _ 3000 BR7307137
100 1 _aSlooten van der, H.J.
100 1 _aLisboa, c.d.j.
100 1 _aPastore Junior, F.
100 1 _aSobral Filho, M.
110 1 _aInstituto Brasileiro de Desenvolvimento Florestal, Brasilia, DF
_95726
245 1 _aCharacteristics, properties and engineering data of sixteen commercial Amazon species [madeira, arvore florestal, Amazonia, Brasil]
_bBRA/71/545; Field Document, 20
260 3 _aBrasilia, DF (Brasil):
_c1976.
300 _a73 p.
500 _a26 tables; Summary (Eng)
650 _aMADEIRA
650 _aPRESERVACAO DA MADEIRA
650 _aSECAGEM
650 _aARVORE FLORESTAL
650 _aAMAZONIA
909 _a202309
_bLucia
_c55
_dLucia Elande
942 _cBK
999 _c17036
_d17036